000 00659nam a2200229Ia 4500
003 OSt
005 20220928124230.0
006 a|||||r|||| 00| 0
007 ta
008 220927b |||||||| |||| 00| 0 eng d
024 _a25254
037 _cTextual
040 _aSDCL
_cSDCL
_beng
041 _2eng
_aeng
082 _aG:55.1'N8, M5
100 _aRepetto Robert Ed.
_9463876
245 0 _aGlobal possible
_b Resources,development and the new century.
260 _aNew Delhi
_bAffiliated East-West Press
_c1985
300 _axv,538p
_ccm.
942 _hG:55.1'N8, M5
_cTEXL
_2CC
999 _c776755
_d776755